| 000 | 01076cam a22002895a 4500 | ||
|---|---|---|---|
| 001 | 14280062 | ||
| 005 | 20201128024313.0 | ||
| 008 | 060228t2007 nyua frb 001 0 eng d | ||
| 020 | _a9781418039592 | ||
| 020 | _a1418039594 | ||
| 040 |
_aDLC _cDLC _dYDXCP _dBAKER _dGZM _dOCLCQ _dBTCTA _dOCLCG _dDLC _dEG-ScBUE _beng |
||
| 082 | 0 | 4 |
_a005.133 _222 _bBAR |
| 100 | 1 | _aBarnett, Richard H. | |
| 245 | 1 | 0 |
_aEmbedded C programming and the Atmel AVR / _cRichard Barnett, Larry O'Cull, Sarah Cox. |
| 250 | _a2nd ed. | ||
| 260 |
_aClifton Park : _bThomson Delmar Learning, _cc.2007. |
||
| 300 |
_axxii, 532 p. : _bill. ; _c24 cm. + _eCD-ROM (4 3/4 in.) |
||
| 500 | _aIncludes index. | ||
| 650 | 7 |
_aC (Computer program language) _2BUEsh _93405 |
|
| 650 | 7 |
_aEmbedded computer systems _xDesign and construction. _2BUEsh _93627 |
|
| 650 | 7 |
_aRISC microprocessors. _2BUEsh _9844 |
|
| 653 |
_bGGEN _bCOMSCI _cMarch2018 |
||
| 700 | 1 | _aO'Cull, Larry. | |
| 700 | 1 |
_aCox, Sarah _q(Sarah Alison) |
|
| 856 | 4 | 1 |
_3Table of contents _uhttp://www.loc.gov/catdir/toc/ecip069/2006007153.html |
| 942 | _2ddc | ||
| 999 |
_c26426 _d26398 |
||